Tejiendo nuestra red/
Guardado en:
| Format: | Bog |
|---|---|
| Sprog: | Spanish |
| Udgivet: |
Quito, Ecuador:
EDITOR (s):Red de Educación Popular entre Mujeres
|
| Fag: | |
| Tags: |
Tilføj Tag
Ingen Tags, Vær først til at tagge denne postø!
|
MARC
| LEADER | 00000nam a22000007a 4500 | ||
|---|---|---|---|
| 003 | cru CIDCACS/IIS | ||
| 005 | 20181129145431.0 | ||
| 008 | 181129b ec |||p|r||||||0| ||spa|d | ||
| 999 | |c 41943 |d 41943 | ||
| 040 | |c cru CIDCACS/IIS | ||
| 090 | |a REV1577 | ||
| 245 | 0 | |a Tejiendo nuestra red/ |c Red de Educación Popular entre Mujeres | |
| 260 | |a Quito, Ecuador: |b EDITOR (s):Red de Educación Popular entre Mujeres | ||
| 650 | 0 | |9 88 |a MUJERES | |
| 650 | 0 | |9 7395 |a EDUCACION DE LA MUJER | |
| 650 | 4 | |9 1971 |a ROL DE LA MUJER | |
| 650 | 4 | |9 1989 |a ESTATUS DE LA MUJER | |
| 650 | 7 | |9 8068 |a MOVIMIENTOS FEMENINOS | |
| 651 | 0 | |9 74 |a ECUADOR | |
| 651 | 0 | |9 17 |a AMERICA LATINA | |
| 942 | |2 ddc |c PP | ||
